Tradition and economy in village India / (Record no. 34443)
[ view plain ]
| 000 -LEADER | |
|---|---|
| fixed length control field | 00975nam a2200265 a 4500 |
| 001 - CONTROL NUMBER | |
| control field | 34443 |
| 003 - CONTROL NUMBER IDENTIFIER | |
| rucl marc code | BD-RjUL |
| 005 - DATE AND TIME OF LATEST TRANSACTION | |
| control field | 20211209052148.0 |
| 008 - FIXED-LENGTH DATA ELEMENTS--GENERAL INFORMATION | |
| fixed length control field | 140517s1966 enka b 001 0 eng d |
| 035 ## - SYSTEM CONTROL NUMBER | |
| System control number | (BD-RjUL)34537 |
| 040 ## - CATALOGING SOURCE | |
| Original cataloging agency | DLC |
| Transcribing agency | OUN |
| Modifying agency | SER |
| -- | UKM |
| -- | EQO |
| -- | BD-RjUL |
| Language of cataloging | eng |
| 041 ## - LANGUAGE CODE | |
| Language code of text/sound track or separate title | eng |
| 082 ## - DEWEY DECIMAL CLASSIFICATION NUMBER | |
| Classification number | 301.35095487 |
| Author mark and year | IST 1966 |
| 100 1# - MAIN ENTRY--PERSONAL NAME | |
| Personal name | Ishwaran, K. |
| Fuller form of name | (Karigoudar), |
| Dates associated with a name | 1922- |
| 9 (RLIN) | 104744 |
| 245 10 - TITLE STATEMENT | |
| Title | Tradition and economy in village India / |
| Statement of responsibility, etc. | by K. Ishwaran; foreword by Conrad Arensberg. |
| 260 ## - PUBLICATION, DISTRIBUTION, ETC. (IMPRINT) | |
| Place of publication, distribution, etc. | London : |
| Name of publisher, distributor, etc. | Routledge & Kegan Paul, |
| Date of publication, distribution, etc. | 1966. |
| 300 ## - PHYSICAL DESCRIPTION | |
| Pagination | xiv, 169 [15] p. ; |
| Size | 23 cm. |
| 490 1# - SERIES STATEMENT | |
| Series statement | International library of sociology and social reconstruction (Routledge & Kegan Paul) |
| 504 ## - BIBLIOGRAPHY, ETC. NOTE | |
| Bibliography, etc | Includes Bibliography: p. 161-163 and index. |
| 650 #0 - SUBJECT ADDED ENTRY--TOPICAL TERM | |
| Topical term or geographic name as entry element | Villages |
| Geographic subdivision | India |
| 9 (RLIN) | 104745 |
| 830 #0 - SERIES ADDED ENTRY--UNIFORM TITLE | |
| Uniform title | International library of sociology and social reconstruction (Routledge & Kegan Paul) |
| 942 ## - ADDED ENTRY ELEMENTS (KOHA) | |
| Source of classification or shelving scheme | Dewey Decimal Classification |
| Koha item type | Books |
| Lost status | Source of classification or shelving scheme | Damaged status | Not for loan | Collection code | Permanent Location | Current Location | Shelving location | Date acquired | Source of acquisition | Cost, normal purchase price | Total Checkouts | Full call number | Date last seen | Copy number | Koha item type |
|---|---|---|---|---|---|---|---|---|---|---|---|---|---|---|---|
| Dewey Decimal Classification | Not For Loan | Non-fiction | Central Library, University of Rajshahi | Central Library, University of Rajshahi | Reading Room | 03/12/1968 | Zitlinger | 25.00 | 301.35095487 IST 1966 | 17/05/2014 | C-1 | Books | |||
| Dewey Decimal Classification | Not For Loan | Non-fiction | Central Library, University of Rajshahi | Central Library, University of Rajshahi | Reading Room | 23/05/1967 | M.obidul huq. | 22.25 | 301.350954 IST 1966 | 17/05/2014 | C-1 | Books |